{"text_format":"1","workbook":"xlsx","n_sheets":2,"sheets":["Данные","Лист1"],"not_rendered":{"charts":0,"images":0,"macros":1,"external_links":0,"defined_names":4,"comments":0,"pivot_tables":0},"unopened":[],"bounds":{"document_bytes":16777216,"sheet_cells":100000,"rows_first":2000,"rows_last":500,"rows_between":2000,"halvings":0,"cell_chars":16384,"cell_head_chars":4096},"cells_cut":0,"cells_raw":0,"read":"whole","date_system":"1900"}

{"sheet":"Данные","index":0,"n_rows":167,"n_cols":10,"rows_kept":167,"cut":false,"hidden":false,"merged":[[1,0,1,9]]}
[null,null,null,null,null,null,null,null,"Приложение №1"]
["Перечень актуальных и готовых к реализации невостребованных МТР"]
[]
["Наименование лота","Наименование ОГ","№ лота","№ позиции","Наименование неликвидных (НЛ) и невостребованных ликвидных (НВЛ) материалов","Ед. изм","Количество","Мин. цена реализации за ед., руб., без НДС ","Сумма, руб. без НДС","Место нахождения"]
["Подшипники","ПАО АНК \"Башнефть\" \"Башнефть-Новойл\"",1,1,"Подшипник 30218 FBJ","ШТ",2,537.94000000000005,{"$f":"G5*H5","v":1075.8800000000001},"450045, г. Уфа, ПАО АНК \"Башнефть\" \"Башнефть-Новойл\""]
["Подшипники","ПАО АНК \"Башнефть\" \"Башнефть-Новойл\"",1,2,"Подшипник 32306","ШТ",2,91.87,183.74,"450045, г. Уфа, ПАО АНК \"Башнефть\" \"Башнефть-Новойл\""]
["Подшипники","ПАО АНК \"Башнефть\" \"Башнефть-Новойл\"",1,3,"Подшипник 32612КМ","ШТ",4,645.62,2582.48,"450045, г. Уфа, ПАО АНК \"Башнефть\" \"Башнефть-Новойл\""]
["Подшипники","ПАО АНК \"Башнефть\" \"Башнефть-Новойл\"",1,4,"Подшипник 6-219","ШТ",2,375.19,750.38,"450045, г. Уфа, ПАО АНК \"Башнефть\" \"Башнефть-Новойл\""]
["Подшипники","ПАО АНК \"Башнефть\" \"Башнефть-Новойл\"",1,5,"Подшипник 6-305А","ШТ",4,44.69,178.76,"450045, г. Уфа, ПАО АНК \"Башнефть\" \"Башнефть-Новойл\""]
["Подшипники","ПАО АНК \"Башнефть\" \"Башнефть-Новойл\"",1,6,"Подшипник 6324 C3 NTN","ШТ",4,8322.81,33291.24,"450045, г. Уфа, ПАО АНК \"Башнефть\" \"Башнефть-Новойл\""]
["Подшипники","ПАО АНК \"Башнефть\" \"Башнефть-Новойл\"",1,7,"Подшипник 6324 C3 NTN","ШТ",4,8322.81,33291.24,"450045, г. Уфа, ПАО АНК \"Башнефть\" \"Башнефть-Новойл\""]
["Подшипники","ПАО АНК \"Башнефть\" \"Башнефть-Новойл\"",1,8,"Подшипник 6-408","ШТ",8,312.48,2499.84,"450045, г. Уфа, ПАО АНК \"Башнефть\" \"Башнефть-Новойл\""]
["Подшипники","ПАО АНК \"Башнефть\" \"Башнефть-Новойл\"",1,9,"Подшипник 6-412","ШТ",4,312.48,1249.92,"450045, г. Уфа, ПАО АНК \"Башнефть\" \"Башнефть-Новойл\""]
["Подшипники","ПАО АНК \"Башнефть\" \"Башнефть-Новойл\"",1,10,"Подшипник 6-412А","ШТ",5,397.31,1986.55,"450045, г. Уфа, ПАО АНК \"Башнефть\" \"Башнефть-Новойл\""]
["Подшипники","ПАО АНК \"Башнефть\" \"Башнефть-Новойл\"",1,11,"Подшипник 6-60306А","ШТ",6,62.57,375.42,"450045, г. Уфа, ПАО АНК \"Башнефть\" \"Башнефть-Новойл\""]
["Подшипники","ПАО АНК \"Башнефть\" \"Башнефть-Новойл\"",1,12,"Подшипник 6-60306А","ШТ",4,62.57,250.28,"450045, г. Уфа, ПАО АНК \"Башнефть\" \"Башнефть-Новойл\""]
["Подшипники","ПАО АНК \"Башнефть\" \"Башнефть-Новойл\"",1,13,"Подшипник 6-60306А","ШТ",2,62.57,125.14,"450045, г. Уфа, ПАО АНК \"Башнефть\" \"Башнефть-Новойл\""]
["Подшипники","ПАО АНК \"Башнефть\" \"Башнефть-Новойл\"",1,14,"Подшипник 6-60306А","ШТ",1,62.57,62.57,"450045, г. Уфа, ПАО АНК \"Башнефть\" \"Башнефть-Новойл\""]
["Подшипники","ПАО АНК \"Башнефть\" \"Башнефть-Новойл\"",1,15,"Подшипник 6-7511А","ШТ",4,149.05000000000001,596.20000000000005,"450045, г. Уфа, ПАО АНК \"Башнефть\" \"Башнефть-Новойл\""]
["Подшипники","ПАО АНК \"Башнефть\" \"Башнефть-Новойл\"",1,16,"Подшипник 6-7511А","ШТ",2,149.05000000000001,298.10000000000002,"450045, г. Уфа, ПАО АНК \"Башнефть\" \"Башнефть-Новойл\""]
["Подшипники","ПАО АНК \"Башнефть\" \"Башнефть-Новойл\"",1,17,"Подшипник 7606","ШТ",2,106.73,213.46,"450045, г. Уфа, ПАО АНК \"Башнефть\" \"Башнефть-Новойл\""]
["Подшипники","ПАО АНК \"Башнефть\" \"Башнефть-Новойл\"",1,18,"Подшипник FAG 22214-E1A-M","ШТ",1,3555.61,3555.61,"450045, г. Уфа, ПАО АНК \"Башнефть\" \"Башнефть-Новойл\""]
["Подшипники","ПАО АНК \"Башнефть\" \"Башнефть-Новойл\"",1,19,"Подшипник FAG 51218","ШТ",2,1969.84,3939.68,"450045, г. Уфа, ПАО АНК \"Башнефть\" \"Башнефть-Новойл\""]
["Подшипники","ПАО АНК \"Башнефть\" \"Башнефть-Новойл\"",1,20,"Подшипник FAG 6411","ШТ",2,1846.57,3693.14,"450045, г. Уфа, ПАО АНК \"Башнефть\" \"Башнефть-Новойл\""]
["Подшипники","ПАО АНК \"Башнефть\" \"Башнефть-Новойл\"",1,21,"Подшипник Hachi 30314","ШТ",2,2008.22,4016.44,"450045, г. Уфа, ПАО АНК \"Башнефть\" \"Башнефть-Новойл\""]
["Подшипники","ПАО АНК \"Башнефть\" \"Башнефть-Новойл\"",1,22,"Подшипник Nachi 23122EX1W33 C3","ШТ",2,5403.21,10806.42,"450045, г. Уфа, ПАО АНК \"Башнефть\" \"Башнефть-Новойл\""]
["Подшипники","ПАО АНК \"Башнефть\" \"Башнефть-Новойл\"",1,23,"Подшипник NSK 2308 KTNG","ШТ",2,1330.61,2661.22,"450045, г. Уфа, ПАО АНК \"Башнефть\" \"Башнефть-Новойл\""]
["Подшипники","ПАО АНК \"Башнефть\" \"Башнефть-Новойл\"",1,24,"Подшипник NSK HR 32315J","ШТ",2,3929.51,7859.02,"450045, г. Уфа, ПАО АНК \"Башнефть\" \"Башнефть-Новойл\""]
["Подшипники","ПАО АНК \"Башнефть\" \"Башнефть-Новойл\"",1,25,"Подшипник NSK HR 33017J","ШТ",1,2002.56,2002.56,"450045, г. Уфа, ПАО АНК \"Башнефть\" \"Башнефть-Новойл\""]
["Подшипники","ПАО АНК \"Башнефть\" \"Башнефть-Новойл\"",1,26,"Подшипник NTN 33022U","ШТ",3,3046.04,9138.119999999999,"450045, г. Уфа, ПАО АНК \"Башнефть\" \"Башнефть-Новойл\""]
["Подшипники","ПАО АНК \"Башнефть\" \"Башнефть-Новойл\"",1,27,"Подшипник NTN 5305 S","ШТ",2,735.63,1471.26,"450045, г. Уфа, ПАО АНК \"Башнефть\" \"Башнефть-Новойл\""]
["Подшипники","ПАО АНК \"Башнефть\" \"Башнефть-Новойл\"",1,28,"Подшипник NTN 5305 S","ШТ",2,723.79,1447.58,"450045, г. Уфа, ПАО АНК \"Башнефть\" \"Башнефть-Новойл\""]
["Подшипники","ПАО АНК \"Башнефть\" \"Башнефть-Новойл\"",1,29,"Подшипник NTN 6303 C3","ШТ",2,81.5,163,"450045, г. Уфа, ПАО АНК \"Башнефть\" \"Башнефть-Новойл\""]
["Подшипники","ПАО АНК \"Башнефть\" \"Башнефть-Новойл\"",1,30,"Подшипник SKF 30317 J2","ШТ",2,12390,24780,"450045, г. Уфа, ПАО АНК \"Башнефть\" \"Башнефть-Новойл\""]
["Подшипники","ПАО АНК \"Башнефть\" \"Башнефть-Новойл\"",1,31,"Втулка SNR Н 2306","ШТ",2,344.45,688.9,"450045, г. Уфа, ПАО АНК \"Башнефть\" \"Башнефть-Новойл\""]
["Подшипники","ПАО АНК \"Башнефть\" \"Башнефть-Новойл\"",1,32,"Втулка SNR Н 2308","ШТ",2,152.37,304.74,"450045, г. Уфа, ПАО АНК \"Башнефть\" \"Башнефть-Новойл\""]
["Подшипники","ПАО АНК \"Башнефть\" \"Башнефть-Новойл\"",1,33,"Втулка закр. NTN Н 2309 Х","ШТ",2,516.04,1032.08,"450045, г. Уфа, ПАО АНК \"Башнефть\" \"Башнефть-Новойл\""]
["Подшипники","ПАО АНК \"Башнефть\" \"Башнефть-Новойл\"",1,34,"Втулка закр. NTN Н 2315 Х","ШТ",2,928.87,1857.74,"450045, г. Уфа, ПАО АНК \"Башнефть\" \"Башнефть-Новойл\""]
["Подшипники","ПАО АНК \"Башнефть\" \"Башнефть-Новойл\"",1,35,"Подшипник 11212 ГОСТ 28428","ШТ",2,151.30000000000001,302.60000000000002,"450045, г. Уфа, ПАО АНК \"Башнефть\" \"Башнефть-Новойл\""]
["Подшипники","ПАО АНК \"Башнефть\" \"Башнефть-Новойл\"",1,36,"Подшипник 11311","ШТ",2,480.74,961.48,"450045, г. Уфа, ПАО АНК \"Башнефть\" \"Башнефть-Новойл\""]
["Подшипники","ПАО АНК \"Башнефть\" \"Башнефть-Новойл\"",1,37,"Подшипник 1204 ГОСТ 28428","ШТ",2,48.34,96.68,"450045, г. Уфа, ПАО АНК \"Башнефть\" \"Башнефть-Новойл\""]
["Подшипники","ПАО АНК \"Башнефть\" \"Башнефть-Новойл\"",1,38,"Подшипник 1306 ГОСТ 28428","ШТ",2,98.53,197.06,"450045, г. Уфа, ПАО АНК \"Башнефть\" \"Башнефть-Новойл\""]
["Подшипники","ПАО АНК \"Башнефть\" \"Башнефть-Новойл\"",1,39,"Подшипник 180707 ГОСТ 8882","ШТ",4,147.26,589.04,"450045, г. Уфа, ПАО АНК \"Башнефть\" \"Башнефть-Новойл\""]
["Подшипники","ПАО АНК \"Башнефть\" \"Башнефть-Новойл\"",1,40,"Подшипник 180707 ГОСТ 8882","ШТ",2,135.09,270.18,"450045, г. Уфа, ПАО АНК \"Башнефть\" \"Башнефть-Новойл\""]
["Подшипники","ПАО АНК \"Башнефть\" \"Башнефть-Новойл\"",1,41,"Подшипник 2007116","ШТ",2,291.26,582.52,"450045, г. Уфа, ПАО АНК \"Башнефть\" \"Башнефть-Новойл\""]
["Подшипники","ПАО АНК \"Башнефть\" \"Башнефть-Новойл\"",1,42,"Подшипник 22214MBW33 C3 FBJ","ШТ",2,940.09,1880.18,"450045, г. Уфа, ПАО АНК \"Башнефть\" \"Башнефть-Новойл\""]
["Подшипники","ПАО АНК \"Башнефть\" \"Башнефть-Новойл\"",1,43,"Подшипник 22218EAE4 NSK","ШТ",2,3646.53,7293.06,"450045, г. Уфа, ПАО АНК \"Башнефть\" \"Башнефть-Новойл\""]
["Подшипники","ПАО АНК \"Башнефть\" \"Башнефть-Новойл\"",1,44,"Подшипник 22230.EAW33 SNR","ШТ",4,11989.86,47959.44,"450045, г. Уфа, ПАО АНК \"Башнефть\" \"Башнефть-Новойл\""]
["Подшипники","ПАО АНК \"Башнефть\" \"Башнефть-Новойл\"",1,45,"Подшипник 2324","ШТ",2,4759.66,9519.32,"450045, г. Уфа, ПАО АНК \"Башнефть\" \"Башнефть-Новойл\""]
["Подшипники","ПАО АНК \"Башнефть\" \"Башнефть-Новойл\"",1,46,"Подшипник 30218 FBJ","ШТ",4,136.03,544.12,"450045, г. Уфа, ПАО АНК \"Башнефть\" \"Башнефть-Новойл\""]
["Подшипники","ПАО АНК \"Башнефть\" \"Башнефть-Новойл\"",1,47,"Подшипник 30218 FBJ","ШТ",2,537.94000000000005,1075.8800000000001,"450045, г. Уфа, ПАО АНК \"Башнефть\" \"Башнефть-Новойл\""]
["Подшипники","ПАО АНК \"Башнефть\" \"Башнефть-Новойл\"",1,48,"Подшипник 32210","ШТ",8,169.9,1359.2,"450045, г. Уфа, ПАО АНК \"Башнефть\" \"Башнефть-Новойл\""]
["Подшипники","ПАО АНК \"Башнефть\" \"Башнефть-Новойл\"",1,49,"Подшипник 32306","ШТ",2,84.01,168.02,"450045, г. Уфа, ПАО АНК \"Башнефть\" \"Башнефть-Новойл\""]
["Подшипники","ПАО АНК \"Башнефть\" \"Башнефть-Новойл\"",1,50,"Подшипник 32306","ШТ",2,86.35,172.7,"450045, г. Уфа, ПАО АНК \"Башнефть\" \"Башнефть-Новойл\""]
["Подшипники","ПАО АНК \"Башнефть\" \"Башнефть-Новойл\"",1,51,"Подшипник 32306","ШТ",2,91.87,183.74,"450045, г. Уфа, ПАО АНК \"Башнефть\" \"Башнефть-Новойл\""]
["Подшипники","ПАО АНК \"Башнефть\" \"Башнефть-Новойл\"",1,52,"Подшипник 32308КМ","ШТ",2,239.11,478.22,"450045, г. Уфа, ПАО АНК \"Башнефть\" \"Башнефть-Новойл\""]
["Подшипники","ПАО АНК \"Башнефть\" \"Башнефть-Новойл\"",1,53,"Подшипник 32316","ШТ",2,1078.1199999999999,2156.2399999999998,"450045, г. Уфа, ПАО АНК \"Башнефть\" \"Башнефть-Новойл\""]
["Подшипники","ПАО АНК \"Башнефть\" \"Башнефть-Новойл\"",1,54,"Подшипник 32508","ШТ",2,929.68,1859.36,"450045, г. Уфа, ПАО АНК \"Башнефть\" \"Башнефть-Новойл\""]
["Подшипники","ПАО АНК \"Башнефть\" \"Башнефть-Новойл\"",1,55,"Подшипник 32508Л","ШТ",2,292.72000000000003,585.44000000000005,"450045, г. Уфа, ПАО АНК \"Башнефть\" \"Башнефть-Новойл\""]
["Подшипники","ПАО АНК \"Башнефть\" \"Башнефть-Новойл\"",1,56,"Подшипник 32612КМ","ШТ",6,645.62,3873.7200000000003,"450045, г. Уфа, ПАО АНК \"Башнефть\" \"Башнефть-Новойл\""]
["Подшипники","ПАО АНК \"Башнефть\" \"Башнефть-Новойл\"",1,57,"Подшипник 3305A SKF","ШТ",2,1260.8800000000001,2521.7600000000002,"450045, г. Уфа, ПАО АНК \"Башнефть\" \"Башнефть-Новойл\""]
["Подшипники","ПАО АНК \"Башнефть\" \"Башнефть-Новойл\"",1,58,"Подшипник 3609","ШТ",4,498.73,1994.92,"450045, г. Уфа, ПАО АНК \"Башнефть\" \"Башнефть-Новойл\""]
["Подшипники","ПАО АНК \"Башнефть\" \"Башнефть-Новойл\"",1,59,"Подшипник 3610","ШТ",4,585.01,2340.04,"450045, г. Уфа, ПАО АНК \"Башнефть\" \"Башнефть-Новойл\""]
["Подшипники","ПАО АНК \"Башнефть\" \"Башнефть-Новойл\"",1,60,"Подшипник 3610","ШТ",10,641.1,6411,"450045, г. Уфа, ПАО АНК \"Башнефть\" \"Башнефть-Новойл\""]
["Подшипники","ПАО АНК \"Башнефть\" \"Башнефть-Новойл\"",1,61,"Подшипник 411","ШТ",6,602.77,3616.62,"450045, г. Уфа, ПАО АНК \"Башнефть\" \"Башнефть-Новойл\""]
["Подшипники","ПАО АНК \"Башнефть\" \"Башнефть-Новойл\"",1,62,"Подшипник 5214 S NTN","ШТ",1,2525.88,2525.88,"450045, г. Уфа, ПАО АНК \"Башнефть\" \"Башнефть-Новойл\""]
["Подшипники","ПАО АНК \"Башнефть\" \"Башнефть-Новойл\"",1,63,"Подшипник 5214 S NTN","ШТ",1,2525.88,2525.88,"450045, г. Уфа, ПАО АНК \"Башнефть\" \"Башнефть-Новойл\""]
["Подшипники","ПАО АНК \"Башнефть\" \"Башнефть-Новойл\"",1,64,"Подшипник 53518","ШТ",4,679.6,2718.4,"450045, г. Уфа, ПАО АНК \"Башнефть\" \"Башнефть-Новойл\""]
["Подшипники","ПАО АНК \"Башнефть\" \"Башнефть-Новойл\"",1,65,"Подшипник 53524","ШТ",2,2092.7199999999998,{"$f":"G69*H69","v":4185.4399999999996},"450045, г. Уфа, ПАО АНК \"Башнефть\" \"Башнефть-Новойл\""]
["Подшипники","ПАО АНК \"Башнефть\" \"Башнефть-Новойл\"",1,66,"Подшипник 608 NTN SNR","ШТ",1,40.880000000000003,40.880000000000003,"450045, г. Уфа, ПАО АНК \"Башнефть\" \"Башнефть-Новойл\""]
["Подшипники","ПАО АНК \"Башнефть\" \"Башнефть-Новойл\"",1,67,"Подшипник 6-180502УС9Ш1 ГОСТ 8882","ШТ",8,20.47,163.76,"450045, г. Уфа, ПАО АНК \"Башнефть\" \"Башнефть-Новойл\""]
["Подшипники","ПАО АНК \"Башнефть\" \"Башнефть-Новойл\"",1,68,"Подшипник 6-219","ШТ",4,375.19,1500.76,"450045, г. Уфа, ПАО АНК \"Башнефть\" \"Башнефть-Новойл\""]
["Подшипники","ПАО АНК \"Башнефть\" \"Башнефть-Новойл\"",1,69,"Подшипник 6219-C3 FAG","ШТ",1,2739.7,2739.7,"450045, г. Уфа, ПАО АНК \"Башнефть\" \"Башнефть-Новойл\""]
["Подшипники","ПАО АНК \"Башнефть\" \"Башнефть-Новойл\"",1,70,"Подшипник 6-2217","ШТ",2,681.58,1363.16,"450045, г. Уфа, ПАО АНК \"Башнефть\" \"Башнефть-Новойл\""]
["Подшипники","ПАО АНК \"Башнефть\" \"Башнефть-Новойл\"",1,71,"Подшипник 6-2217","ШТ",1,653.9,653.9,"450045, г. Уфа, ПАО АНК \"Башнефть\" \"Башнефть-Новойл\""]
["Подшипники","ПАО АНК \"Башнефть\" \"Башнефть-Новойл\"",1,72,"Подшипник 6-2313","ШТ",1,501.19,501.19,"450045, г. Уфа, ПАО АНК \"Башнефть\" \"Башнефть-Новойл\""]
["Подшипники","ПАО АНК \"Башнефть\" \"Башнефть-Новойл\"",1,73,"Подшипник 6-305А","ШТ",4,44.69,178.76,"450045, г. Уфа, ПАО АНК \"Башнефть\" \"Башнефть-Новойл\""]
["Подшипники","ПАО АНК \"Башнефть\" \"Башнефть-Новойл\"",1,74,"Подшипник 6-322","ШТ",2,1638.89,3277.78,"450045, г. Уфа, ПАО АНК \"Башнефть\" \"Башнефть-Новойл\""]
["Подшипники","ПАО АНК \"Башнефть\" \"Башнефть-Новойл\"",1,75,"Подшипник 6324 C3 NTN","ШТ",4,8322.81,33291.24,"450045, г. Уфа, ПАО АНК \"Башнефть\" \"Башнефть-Новойл\""]
["Подшипники","ПАО АНК \"Башнефть\" \"Башнефть-Новойл\"",1,76,"Подшипник 6-36207Л","ШТ",2,183.38,366.76,"450045, г. Уфа, ПАО АНК \"Башнефть\" \"Башнефть-Новойл\""]
["Подшипники","ПАО АНК \"Башнефть\" \"Башнефть-Новойл\"",1,77,"Подшипник 6-36207Л","ШТ",1,200.68,200.68,"450045, г. Уфа, ПАО АНК \"Башнефть\" \"Башнефть-Новойл\""]
["Подшипники","ПАО АНК \"Башнефть\" \"Башнефть-Новойл\"",1,78,"Подшипник 6-408","ШТ",1,312.48,312.48,"450045, г. Уфа, ПАО АНК \"Башнефть\" \"Башнефть-Новойл\""]
["Подшипники","ПАО АНК \"Башнефть\" \"Башнефть-Новойл\"",1,79,"Подшипник 6-408","ШТ",9,312.48,2812.32,"450045, г. Уфа, ПАО АНК \"Башнефть\" \"Башнефть-Новойл\""]
["Подшипники","ПАО АНК \"Башнефть\" \"Башнефть-Новойл\"",1,80,"Подшипник 6-408","ШТ",6,312.48,1874.88,"450045, г. Уфа, ПАО АНК \"Башнефть\" \"Башнефть-Новойл\""]
["Подшипники","ПАО АНК \"Башнефть\" \"Башнефть-Новойл\"",1,81,"Подшипник 6-412","ШТ",2,312.48,624.96,"450045, г. Уфа, ПАО АНК \"Башнефть\" \"Башнефть-Новойл\""]
["Подшипники","ПАО АНК \"Башнефть\" \"Башнефть-Новойл\"",1,82,"Подшипник 6-412А","ШТ",4,397.31,1589.24,"450045, г. Уфа, ПАО АНК \"Башнефть\" \"Башнефть-Новойл\""]
["Подшипники","ПАО АНК \"Башнефть\" \"Башнефть-Новойл\"",1,83,"Подшипник 6-46220Л","ШТ",2,1589.23,3178.46,"450045, г. Уфа, ПАО АНК \"Башнефть\" \"Башнефть-Новойл\""]
["Подшипники","ПАО АНК \"Башнефть\" \"Башнефть-Новойл\"",1,84,"Подшипник 6-60306А","ШТ",10,62.57,625.70000000000005,"450045, г. Уфа, ПАО АНК \"Башнефть\" \"Башнефть-Новойл\""]
["Подшипники","ПАО АНК \"Башнефть\" \"Башнефть-Новойл\"",1,85,"Подшипник 6-7218А","ШТ",2,368.11,736.22,"450045, г. Уфа, ПАО АНК \"Башнефть\" \"Башнефть-Новойл\""]
["Подшипники","ПАО АНК \"Башнефть\" \"Башнефть-Новойл\"",1,86,"Подшипник 6-7218А","ШТ",8,463.33,3706.64,"450045, г. Уфа, ПАО АНК \"Башнефть\" \"Башнефть-Новойл\""]
["Подшипники","ПАО АНК \"Башнефть\" \"Башнефть-Новойл\"",1,87,"Подшипник 6-7218А","ШТ",4,429.68,1718.72,"450045, г. Уфа, ПАО АНК \"Башнефть\" \"Башнефть-Новойл\""]
["Подшипники","ПАО АНК \"Башнефть\" \"Башнефть-Новойл\"",1,88,"Подшипник 6-7511А","ШТ",3,216.76,650.28,"450045, г. Уфа, ПАО АНК \"Башнефть\" \"Башнефть-Новойл\""]
["Подшипники","ПАО АНК \"Башнефть\" \"Башнефть-Новойл\"",1,89,"Подшипник 6-7511А","ШТ",4,149.05000000000001,596.20000000000005,"450045, г. Уфа, ПАО АНК \"Башнефть\" \"Башнефть-Новойл\""]
["Подшипники","ПАО АНК \"Башнефть\" \"Башнефть-Новойл\"",1,90,"Подшипник 7201 BEP SKF","ШТ",2,544.30999999999995,1088.6199999999999,"450045, г. Уфа, ПАО АНК \"Башнефть\" \"Башнефть-Новойл\""]
["Подшипники","ПАО АНК \"Башнефть\" \"Башнефть-Новойл\"",1,91,"Подшипник 7218BL1G NTN","ШТ",6,1935.36,11612.16,"450045, г. Уфа, ПАО АНК \"Башнефть\" \"Башнефть-Новойл\""]
["Подшипники","ПАО АНК \"Башнефть\" \"Башнефть-Новойл\"",1,92,"Подшипник 7306","ШТ",1,77.87,77.87,"450045, г. Уфа, ПАО АНК \"Башнефть\" \"Башнефть-Новойл\""]
["Подшипники","ПАО АНК \"Башнефть\" \"Башнефть-Новойл\"",1,93,"Подшипник 7310","ШТ",2,258.33999999999997,{"$f":"G97*H97","v":516.67999999999995},"450045, г. Уфа, ПАО АНК \"Башнефть\" \"Башнефть-Новойл\""]
["Подшипники","ПАО АНК \"Башнефть\" \"Башнефть-Новойл\"",1,94,"Подшипник 7409 BG NTN","ШТ",6,3485.61,20913.66,"450045, г. Уфа, ПАО АНК \"Башнефть\" \"Башнефть-Новойл\""]
["Подшипники","ПАО АНК \"Башнефть\" \"Башнефть-Новойл\"",1,95,"Подшипник 7409 BMDUL P6 FBJ","ШТ",2,2010.24,4020.48,"450045, г. Уфа, ПАО АНК \"Башнефть\" \"Башнефть-Новойл\""]
["Подшипники","ПАО АНК \"Башнефть\" \"Башнефть-Новойл\"",1,96,"Подшипник 7409BG NSK","ШТ",2,6712.82,13425.64,"450045, г. Уфа, ПАО АНК \"Башнефть\" \"Башнефть-Новойл\""]
["Подшипники","ПАО АНК \"Башнефть\" \"Башнефть-Новойл\"",1,97,"Подшипник 7520А","ШТ",2,831.6,1663.2,"450045, г. Уфа, ПАО АНК \"Башнефть\" \"Башнефть-Новойл\""]
["Подшипники","ПАО АНК \"Башнефть\" \"Башнефть-Новойл\"",1,98,"Подшипник 7520А","ШТ",1,831.6,831.6,"450045, г. Уфа, ПАО АНК \"Башнефть\" \"Башнефть-Новойл\""]
["Подшипники","ПАО АНК \"Башнефть\" \"Башнефть-Новойл\"",1,99,"Подшипник 7520А","ШТ",1,831.6,831.6,"450045, г. Уфа, ПАО АНК \"Башнефть\" \"Башнефть-Новойл\""]
["Подшипники","ПАО АНК \"Башнефть\" \"Башнефть-Новойл\"",1,100,"Подшипник 7526А","ШТ",2,1996.76,3993.52,"450045, г. Уфа, ПАО АНК \"Башнефть\" \"Башнефть-Новойл\""]
["Подшипники","ПАО АНК \"Башнефть\" \"Башнефть-Новойл\"",1,101,"Подшипник 7536","ШТ",2,4696.13,9392.26,"450045, г. Уфа, ПАО АНК \"Башнефть\" \"Башнефть-Новойл\""]
["Подшипники","ПАО АНК \"Башнефть\" \"Башнефть-Новойл\"",1,102,"Подшипник 7606","ШТ",2,109.13,218.26,"450045, г. Уфа, ПАО АНК \"Башнефть\" \"Башнефть-Новойл\""]
["Подшипники","ПАО АНК \"Башнефть\" \"Башнефть-Новойл\"",1,103,"Подшипник 7606","ШТ",2,106.73,213.46,"450045, г. Уфа, ПАО АНК \"Башнефть\" \"Башнефть-Новойл\""]
["Подшипники","ПАО АНК \"Башнефть\" \"Башнефть-Новойл\"",1,104,"Подшипник 7608","ШТ",2,153.66999999999999,307.33999999999997,"450045, г. Уфа, ПАО АНК \"Башнефть\" \"Башнефть-Новойл\""]
["Подшипники","ПАО АНК \"Башнефть\" \"Башнефть-Новойл\"",1,105,"Подшипник 7611","ШТ",4,315.52,1262.08,"450045, г. Уфа, ПАО АНК \"Башнефть\" \"Башнефть-Новойл\""]
["Подшипники","ПАО АНК \"Башнефть\" \"Башнефть-Новойл\"",1,106,"Подшипник 7616","ШТ",6,585.79,3514.74,"450045, г. Уфа, ПАО АНК \"Башнефть\" \"Башнефть-Новойл\""]
["Подшипники","ПАО АНК \"Башнефть\" \"Башнефть-Новойл\"",1,107,"Подшипник 76-2324 М","ШТ",2,3973.07,7946.14,"450045, г. Уфа, ПАО АНК \"Башнефть\" \"Башнефть-Новойл\""]
["Подшипники","ПАО АНК \"Башнефть\" \"Башнефть-Новойл\"",1,108,"Подшипник 76-324","ШТ",2,2532.83,5065.66,"450045, г. Уфа, ПАО АНК \"Башнефть\" \"Башнефть-Новойл\""]
["Подшипники","ПАО АНК \"Башнефть\" \"Башнефть-Новойл\"",1,109,"Подшипник 80314 ГОСТ 7242","ШТ",2,464.6,929.2,"450045, г. Уфа, ПАО АНК \"Башнефть\" \"Башнефть-Новойл\""]
["Подшипники","ПАО АНК \"Башнефть\" \"Башнефть-Новойл\"",1,110,"Подшипник 8101Н","ШТ",4,19.37,77.48,"450045, г. Уфа, ПАО АНК \"Башнефть\" \"Башнефть-Новойл\""]
["Подшипники","ПАО АНК \"Башнефть\" \"Башнефть-Новойл\"",1,111,"Подшипник 8336","ШТ",1,7347.5,7347.5,"450045, г. Уфа, ПАО АНК \"Башнефть\" \"Башнефть-Новойл\""]
["Подшипники","ПАО АНК \"Башнефть\" \"Башнефть-Новойл\"",1,112,"Подшипник FAG 22214-E1A-M","ШТ",1,3555.61,3555.61,"450045, г. Уфа, ПАО АНК \"Башнефть\" \"Башнефть-Новойл\""]
["Подшипники","ПАО АНК \"Башнефть\" \"Башнефть-Новойл\"",1,113,"Подшипник FAG 51218","ШТ",2,1969.84,3939.68,"450045, г. Уфа, ПАО АНК \"Башнефть\" \"Башнефть-Новойл\""]
["Подшипники","ПАО АНК \"Башнефть\" \"Башнефть-Новойл\"",1,114,"Подшипник FAG 6219M/C4","ШТ",2,6280.3,12560.6,"450045, г. Уфа, ПАО АНК \"Башнефть\" \"Башнефть-Новойл\""]
["Подшипники","ПАО АНК \"Башнефть\" \"Башнефть-Новойл\"",1,115,"Подшипник FAG 6219M/C4","ШТ",2,6396.39,12792.78,"450045, г. Уфа, ПАО АНК \"Башнефть\" \"Башнефть-Новойл\""]
["Подшипники","ПАО АНК \"Башнефть\" \"Башнефть-Новойл\"",1,116,"Подшипник FAG 6219M/C4","ШТ",2,7368.31,14736.62,"450045, г. Уфа, ПАО АНК \"Башнефть\" \"Башнефть-Новойл\""]
["Подшипники","ПАО АНК \"Башнефть\" \"Башнефть-Новойл\"",1,117,"Подшипник FAG 6411","ШТ",2,1846.57,3693.14,"450045, г. Уфа, ПАО АНК \"Башнефть\" \"Башнефть-Новойл\""]
["Подшипники","ПАО АНК \"Башнефть\" \"Башнефть-Новойл\"",1,118,"Подшипник FAG 7411-B-MP-UA","ШТ",2,4795.22,9590.44,"450045, г. Уфа, ПАО АНК \"Башнефть\" \"Башнефть-Новойл\""]
["Подшипники","ПАО АНК \"Башнефть\" \"Башнефть-Новойл\"",1,119,"Подшипник FAG 7411-B-MP-UA","ШТ",2,6250.7,12501.4,"450045, г. Уфа, ПАО АНК \"Башнефть\" \"Башнефть-Новойл\""]
["Подшипники","ПАО АНК \"Башнефть\" \"Башнефть-Новойл\"",1,120,"Подшипник FAG RNA 4901","ШТ",2,526.61,1053.22,"450045, г. Уфа, ПАО АНК \"Башнефть\" \"Башнефть-Новойл\""]
["Подшипники","ПАО АНК \"Башнефть\" \"Башнефть-Новойл\"",1,121,"Подшипник FBJ 32212","ШТ",2,301.73,603.46,"450045, г. Уфа, ПАО АНК \"Башнефть\" \"Башнефть-Новойл\""]
["Подшипники","ПАО АНК \"Башнефть\" \"Башнефть-Новойл\"",1,122,"Подшипник Hachi 30314","ШТ",2,2008.22,4016.44,"450045, г. Уфа, ПАО АНК \"Башнефть\" \"Башнефть-Новойл\""]
["Подшипники","ПАО АНК \"Башнефть\" \"Башнефть-Новойл\"",1,123,"Подшипник Nachi 23122EX1W33 C3","ШТ",2,5403.21,10806.42,"450045, г. Уфа, ПАО АНК \"Башнефть\" \"Башнефть-Новойл\""]
["Подшипники","ПАО АНК \"Башнефть\" \"Башнефть-Новойл\"",1,124,"Подшипник NSK 22222EJW33+11","ШТ",2,4055.78,8111.56,"450045, г. Уфа, ПАО АНК \"Башнефть\" \"Башнефть-Новойл\""]
["Подшипники","ПАО АНК \"Башнефть\" \"Башнефть-Новойл\"",1,125,"Подшипник NSK 22315EAKE4","ШТ",2,4248.49,8496.98,"450045, г. Уфа, ПАО АНК \"Башнефть\" \"Башнефть-Новойл\""]
["Подшипники","ПАО АНК \"Башнефть\" \"Башнефть-Новойл\"",1,126,"Подшипник NSK 2308 KTNG","ШТ",4,1330.61,5322.44,"450045, г. Уфа, ПАО АНК \"Башнефть\" \"Башнефть-Новойл\""]
["Подшипники","ПАО АНК \"Башнефть\" \"Башнефть-Новойл\"",1,127,"Подшипник NSK 23122CES11","ШТ",2,4373.5,8747,"450045, г. Уфа, ПАО АНК \"Башнефть\" \"Башнефть-Новойл\""]
["Подшипники","ПАО АНК \"Башнефть\" \"Башнефть-Новойл\"",1,128,"Подшипник NSK 3305BTNG","ШТ",2,668.44,1336.88,"450045, г. Уфа, ПАО АНК \"Башнефть\" \"Башнефть-Новойл\""]
["Подшипники","ПАО АНК \"Башнефть\" \"Башнефть-Новойл\"",1,129,"Подшипник NSK 6411","ШТ",2,2038.72,4077.44,"450045, г. Уфа, ПАО АНК \"Башнефть\" \"Башнефть-Новойл\""]
["Подшипники","ПАО АНК \"Башнефть\" \"Башнефть-Новойл\"",1,130,"Подшипник NSK 6411","ШТ",10,2038.72,20387.2,"450045, г. Уфа, ПАО АНК \"Башнефть\" \"Башнефть-Новойл\""]
["Подшипники","ПАО АНК \"Башнефть\" \"Башнефть-Новойл\"",1,131,"Подшипник NSK HR 32315J","ШТ",5,3929.51,19647.550000000003,"450045, г. Уфа, ПАО АНК \"Башнефть\" \"Башнефть-Новойл\""]
["Подшипники","ПАО АНК \"Башнефть\" \"Башнефть-Новойл\"",1,132,"Подшипник NSK HR 33017J","ШТ",1,2002.56,2002.56,"450045, г. Уфа, ПАО АНК \"Башнефть\" \"Башнефть-Новойл\""]
["Подшипники","ПАО АНК \"Башнефть\" \"Башнефть-Новойл\"",1,133,"Подшипник NSK HR 33017J","ШТ",8,2002.56,16020.48,"450045, г. Уфа, ПАО АНК \"Башнефть\" \"Башнефть-Новойл\""]
["Подшипники","ПАО АНК \"Башнефть\" \"Башнефть-Новойл\"",1,134,"Подшипник NTN 2215S","ШТ",2,2240.29,4480.58,"450045, г. Уфа, ПАО АНК \"Башнефть\" \"Башнефть-Новойл\""]
["Подшипники","ПАО АНК \"Башнефть\" \"Башнефть-Новойл\"",1,135,"Подшипник NTN 33022U","ШТ",3,2940.81,8822.43,"450045, г. Уфа, ПАО АНК \"Башнефть\" \"Башнефть-Новойл\""]
["Подшипники","ПАО АНК \"Башнефть\" \"Башнефть-Новойл\"",1,136,"Подшипник NTN 33022U","ШТ",3,3046.04,9138.119999999999,"450045, г. Уфа, ПАО АНК \"Башнефть\" \"Башнефть-Новойл\""]
["Подшипники","ПАО АНК \"Башнефть\" \"Башнефть-Новойл\"",1,137,"Подшипник NTN 33022U","ШТ",2,3064.79,6129.58,"450045, г. Уфа, ПАО АНК \"Башнефть\" \"Башнефть-Новойл\""]
["Подшипники","ПАО АНК \"Башнефть\" \"Башнефть-Новойл\"",1,138,"Подшипник NTN 4T-14137A","ШТ",2,2490.1,4980.2,"450045, г. Уфа, ПАО АНК \"Башнефть\" \"Башнефть-Новойл\""]
["Подшипники","ПАО АНК \"Башнефть\" \"Башнефть-Новойл\"",1,139,"Подшипник NTN 4T-14276","ШТ",2,1136.79,2273.58,"450045, г. Уфа, ПАО АНК \"Башнефть\" \"Башнефть-Новойл\""]
["Подшипники","ПАО АНК \"Башнефть\" \"Башнефть-Новойл\"",1,140,"Подшипник NTN 5305 S","ШТ",2,735.63,1471.26,"450045, г. Уфа, ПАО АНК \"Башнефть\" \"Башнефть-Новойл\""]
["Подшипники","ПАО АНК \"Башнефть\" \"Башнефть-Новойл\"",1,141,"Подшипник NTN 5305 S","ШТ",2,723.79,1447.58,"450045, г. Уфа, ПАО АНК \"Башнефть\" \"Башнефть-Новойл\""]
["Подшипники","ПАО АНК \"Башнефть\" \"Башнефть-Новойл\"",1,142,"Подшипник NTN 6215 C3","ШТ",2,849.22,1698.44,"450045, г. Уфа, ПАО АНК \"Башнефть\" \"Башнефть-Новойл\""]
["Подшипники","ПАО АНК \"Башнефть\" \"Башнефть-Новойл\"",1,143,"Подшипник NTN 6303 C3","ШТ",4,81.5,326,"450045, г. Уфа, ПАО АНК \"Башнефть\" \"Башнефть-Новойл\""]
["Подшипники","ПАО АНК \"Башнефть\" \"Башнефть-Новойл\"",1,144,"Подшипник NTN 6411","ШТ",2,1826.53,3653.06,"450045, г. Уфа, ПАО АНК \"Башнефть\" \"Башнефть-Новойл\""]
["Подшипники","ПАО АНК \"Башнефть\" \"Башнефть-Новойл\"",1,145,"Подшипник NTN NU308 EG1 C3","ШТ",2,1813.98,3627.96,"450045, г. Уфа, ПАО АНК \"Башнефть\" \"Башнефть-Новойл\""]
["Подшипники","ПАО АНК \"Башнефть\" \"Башнефть-Новойл\"",1,146,"Подшипник NU222EM C3 FBJ","ШТ",2,1850.1,3700.2,"450045, г. Уфа, ПАО АНК \"Башнефть\" \"Башнефть-Новойл\""]
["Подшипники","ПАО АНК \"Башнефть\" \"Башнефть-Новойл\"",1,147,"Подшипник NU308EG1 NTN","ШТ",2,1193.48,2386.96,"450045, г. Уфа, ПАО АНК \"Башнефть\" \"Башнефть-Новойл\""]
["Подшипники","ПАО АНК \"Башнефть\" \"Башнефть-Новойл\"",1,148,"Подшипник RHP 23032EMW33","ШТ",1,10592.02,10592.02,"450045, г. Уфа, ПАО АНК \"Башнефть\" \"Башнефть-Новойл\""]
["Подшипники","ПАО АНК \"Башнефть\" \"Башнефть-Новойл\"",1,149,"Подшипник SKF 2313K+H2313","ШТ",4,5839.73,23358.92,"450045, г. Уфа, ПАО АНК \"Башнефть\" \"Башнефть-Новойл\""]
["Подшипники","ПАО АНК \"Башнефть\" \"Башнефть-Новойл\"",1,150,"Подшипник SKF 30317 J2","ШТ",4,12390,49560,"450045, г. Уфа, ПАО АНК \"Башнефть\" \"Башнефть-Новойл\""]
["Подшипники","ПАО АНК \"Башнефть\" \"Башнефть-Новойл\"",1,151,"Подшипник SKF NU 216 ЕСР","ШТ",4,3059.96,12239.84,"450045, г. Уфа, ПАО АНК \"Башнефть\" \"Башнефть-Новойл\""]
["Подшипники","ПАО АНК \"Башнефть\" \"Башнефть-Новойл\"",1,152,"Подшипник SNR 22308 EAW33","ШТ",8,1268.6199999999999,10148.959999999999,"450045, г. Уфа, ПАО АНК \"Башнефть\" \"Башнефть-Новойл\""]
["Подшипники","ПАО АНК \"Башнефть\" \"Башнефть-Новойл\"",1,153,"Подшипник SNR 3210 A","ШТ",2,1129.33,2258.66,"450045, г. Уфа, ПАО АНК \"Башнефть\" \"Башнефть-Новойл\""]
["Подшипники","ПАО АНК \"Башнефть\" \"Башнефть-Новойл\"",1,154,"Подшипник SNR 3305S B","ШТ",2,766.26,1532.52,"450045, г. Уфа, ПАО АНК \"Башнефть\" \"Башнефть-Новойл\""]
["Подшипники","ПАО АНК \"Башнефть\" \"Башнефть-Новойл\"",1,155,"Подшипник SNR 7310 BGM","ШТ",8,2346.64,18773.12,"450045, г. Уфа, ПАО АНК \"Башнефть\" \"Башнефть-Новойл\""]
["Подшипники","ПАО АНК \"Башнефть\" \"Башнефть-Новойл\"",1,156,"Подшипник SNR N.215.EG15","ШТ",1,2992.51,2992.51,"450045, г. Уфа, ПАО АНК \"Башнефть\" \"Башнефть-Новойл\""]
["Подшипники","ПАО АНК \"Башнефть\" \"Башнефть-Новойл\"",1,157,"Подшипник Timken 22315KEJW33","ШТ",4,3603.89,{"$f":"G161*H161","v":14415.56},"450045, г. Уфа, ПАО АНК \"Башнефть\" \"Башнефть-Новойл\""]
["Подшипники","ПАО АНК \"Башнефть\" \"Башнефть-Новойл\"",1,158,"Подшипник TIMKEN 33022","ШТ",8,2896.7,23173.599999999999,"450045, г. Уфа, ПАО АНК \"Башнефть\" \"Башнефть-Новойл\""]
["Подшипники","ПАО АНК \"Башнефть\" \"Башнефть-Новойл\"",1,159,"Узел подшипниковый SKF SYNT 40 LTS","ШТ",4,4373.54,17494.16,"450045, г. Уфа, ПАО АНК \"Башнефть\" \"Башнефть-Новойл\""]
["Подшипники","ПАО АНК \"Башнефть\" \"Башнефть-Новойл\"",1,160,"Узел подшипниковый SKF SYNT 40 LTS","ШТ",5,4373.54,21867.7,"450045, г. Уфа, ПАО АНК \"Башнефть\" \"Башнефть-Новойл\""]
["Подшипники","ПАО АНК \"Башнефть\" \"Башнефть-Новойл\"",1,161,"Узел подшипниковый SKF SYNT 40 LTS","ШТ",1,4373.54,4373.54,"450045, г. Уфа, ПАО АНК \"Башнефть\" \"Башнефть-Новойл\""]
["Подшипники","ПАО АНК \"Башнефть\" \"Башнефть-Новойл\"",1,162,"Х Контргайка подшипника AN-20","ШТ",4,324.56,1298.24,"450045, г. Уфа, ПАО АНК \"Башнефть\" \"Башнефть-Новойл\""]
["Подшипники","ПАО АНК \"Башнефть\" \"Башнефть-Новойл\"",1,163,"Втулка подшипника H 2315 Timken","ШТ",4,1224.97,4899.88,"450045, г. Уфа, ПАО АНК \"Башнефть\" \"Башнефть-Новойл\""]

{"sheet":"Лист1","index":1,"n_rows":0,"n_cols":0,"rows_kept":0,"cut":false,"hidden":false,"merged":[]}